Statistics for Quiz about Morocco

Click here to take the quiz!

General Stats

  • This quiz has been taken 45 times
  • The average score is 13 of 18

Answer Stats

QuestionAnswer% Correct
What is the largest city?Casablanca
97%
What is the capital city?Rabat
95%
What does Morocco produce which is only produced in Morocco?Argan oil (extremely important)
89%
What is the Moroccan currency?Dirham
89%
What is the most practiced religion?Sunni Islam
89%
What is the name of the Moroccan dialect?The Moroccan Darija
87%
Which moroccan city is nicknamed “The blue city”?Chefchauen
84%
Which Moroccan city houses the world oldest university?Fes
84%
Which of these Morrocan cities is the most northern?Tangier
84%
What is Morocco’s tallest mountain?Jebel Toubkal
76%
Which countries border Morocco?Spain, Mauritania and Algeria
74%
Which of these countries colonized Morocco?France
71%
Was Morocco the first country to recognize the USA?Yes
68%
What is Morroco’s largest export?Phosphates and Textiles
63%
Is French an official language in the country?No (De-Facto)
45%
Which of these is a famous person who is from Morocco?Najib Amhali
42%
Where can you find a jewish synagogue?Sefrou
42%
What is the moroccan population?37 million
37%

Score Distribution

Percentile by Number Answered

Percent of People with Each Score

Your Score History

You have not taken this quiz